[Event "Chennai op"]
[Site "Chennai"]
[Date "2013.11.15"]
[Round "1"]
[White "Babu, N Sudhakar"]
[Black "Babujian, Levon"]
[Result "0-1"]
[WhiteElo "2258"]
[BlackElo "2510"]
[PlyCount "90"]
[EventDate "2013.11.15"]
[EventType "swiss"]
[EventRounds "11"]
[EventCountry "IND"]
[SourceTitle "CBM 157 Extra"]
[Source "ChessBase"]
[SourceDate "2013.12.19"]
[SourceVersion "1"]
[SourceVersionDate "2013.12.19"]
[SourceQuality "1"]

1. d4 Nf6 2. c4 e6 3. Nf3 c5 4. e3 d5 5. Nc3 a6 6. cxd5 exd5 7. Be2 Nc6 8. 0-0 Be6 9. b3 Be7 10. Bb2 0-0 11. dxc5 Bxc5 12. Na4 Ba7 13. Rc1 Rc8 14. Ne5 Nxe5 15. Bxe5 Ne4 16. Rxc8 Qxc8 17. Qa1 f6 18. Rc1 Qd8 19. Bd4 Bb8 20. Nc5 Bc8 21. g3 Ng5 22. Qb2 Qe7 23. Qc2 Bh3 24. Qd1 Bd6 25. Nd3 Re8 26. Ne1 Ba3 27. Ra1 Qe6 28. Ng2 Bf5 29. Nf4 Qc6 30. h4 Ne4 31. Nxd5 Rd8 32. Nf4 Bb2 33. Bc4+ Kh8 34. Qh5 Bxa1 35. Bxa1 Nd6 36. Qd1 Qe4 37. Bd5 Qb1 38. Qxb1 Bxb1 39. Bd4 Bxa2 40. Ne6 Re8 41. Bc5 Nb5 42. Bc4 Nc3 43. Bf8 b5 44. Bxg7+ Kg8 45. Nc7+ bxc4 0-1

[Event "IND-chB 51st"]
[Site "Bhopal"]
[Date "2013.10.21"]
[Round "12"]
[White "Babu, N Sudhakar"]
[Black "Vishnu, Prasanna V"]
[Result "0-1"]
[WhiteElo "2262"]
[BlackElo "2496"]
[PlyCount "88"]
[EventDate "2013.10.12"]
[EventType "swiss"]
[EventRounds "13"]
[EventCountry "IND"]
[SourceTitle "EXT 2014"]
[Source "ChessBase"]
[SourceDate "2013.11.20"]
[SourceVersion "1"]
[SourceVersionDate "2013.11.20"]
[SourceQuality "1"]

1. d4 Nf6 2. c4 g6 3. Nc3 Bg7 4. e4 d6 5. Be2 0-0 6. Bg5 Na6 7. Qd2 c6 8. Nf3 e5 9. 0-0 exd4 10. Nxd4 Nc5 11. f3 Nfxe4 12. fxe4 Bxd4+ 13. Qxd4 Qxg5 14. Qxd6 Be6 15. Qf4 Qxf4 16. Rxf4 Rfd8 17. Rff1 Rd4 18. Rad1 Rad8 19. b3 Kg7 20. Kf2 a5 21. Rxd4 Rxd4 22. Ke3 Rd8 23. Rd1 Re8 24. Bf3 f6 25. Kf2 Kf7 26. Ne2 Ke7 27. Nd4 Bf7 28. Ke3 Kf8 29. Ne2 a4 30. b4 Na6 31. b5 Nb4 32. bxc6 bxc6 33. Nc3 a3 34. Be2 f5 35. Kd4 fxe4 36. Kc5 Nc2 37. Kxc6 e3 38. Kb6 Rb8+ 39. Kc7 Rb2 40. Rd3 Nb4 41. Rxe3 Nxa2 42. Nxa2 Rxa2 43. Bf3 Ra1 44. Be2 Re1 0-1

[Event "Mumbai Mayors Cup 6th"]
[Site "Mumbai"]
[Date "2013.06.01"]
[Round "5"]
[White "Kunte, Abhijit"]
[Black "Babu, N Sudhakar"]
[Result "1-0"]
[WhiteElo "2507"]
[BlackElo "2257"]
[PlyCount "39"]
[EventDate "2013.05.29"]
[EventType "swiss"]
[EventRounds "11"]
[EventCountry "IND"]
[SourceTitle "CBM 154 Extra"]
[Source "ChessBase"]
[SourceDate "2013.06.25"]
[SourceVersion "2"]
[SourceVersionDate "2013.06.25"]
[SourceQuality "1"]

1. Nf3 d5 2. c4 e6 3. g3 c5 4. cxd5 exd5 5. d4 Nc6 6. Bg2 Nf6 7. 0-0 Be7 8. Nc3 0-0 9. Bg5 c4 10. Ne5 Be6 11. b3 Qa5 12. Nxc6 bxc6 13. Qc2 Rad8 14. Rac1 c5 15. bxc4 dxc4 16. Bxf6 Bxf6 17. d5 Qxc3 18. Qxc3 Bxc3 19. dxe6 Bd4 20. e7 1-0

[Event "Commonwealth-ch"]
[Site "Chennai"]
[Date "2012.11.23"]
[Round "2"]
[White "Babu, N Sudhakar"]
[Black "Aradhya, Garg"]
[Result "0-1"]
[WhiteElo "2296"]
[BlackElo "1921"]
[PlyCount "96"]
[EventDate "2012.11.23"]
[EventType "swiss"]
[EventRounds "11"]
[EventCountry "IND"]
[SourceTitle "CBM 151 Extra"]
[Source "ChessBase"]
[SourceDate "2012.12.18"]
[SourceVersion "1"]
[SourceVersionDate "2012.12.18"]
[SourceQuality "1"]

1. d4 d5 2. c4 c6 3. Nf3 Nf6 4. Nbd2 Bf5 5. Nh4 Be6 6. e3 dxc4 7. Nxc4 c5 8. Nf3 cxd4 9. Nxd4 Bd5 10. Ne5 Nbd7 11. Nxd7 Nxd7 12. f3 e5 13. Nf5 Qa5+ 14. Kf2 g6 15. Ng3 f5 16. a3 Nf6 17. Be2 Bc5 18. Bd2 Qb6 19. b4 Bd6 20. Qa4+ Ke7 21. Rhc1 Rhf8 22. Qa5 f4 23. Nf1 Ne4+ 24. Ke1 Nxd2 25. Qxb6 axb6 26. Kxd2 e4 27. exf4 Bxf4+ 28. Ne3 Rfd8 29. Rc3 exf3 30. gxf3 Be5 31. Rd3 Bxa1 32. Nxd5+ Kf7 33. f4 Bb2 34. Nxb6 Rxd3+ 35. Bxd3 Rxa3 36. Nc4 Rb3 37. Kc2 Rxb4 38. Nxb2 Rxf4 39. Nc4 Ke6 40. Kc3 Kd5 41. Na5 b6 42. Nb3 Rh4 43. Nd2 Rxh2 44. Be4+ Ke5 45. Bxg6 Rxd2 46. Bxh7 Rd7 47. Bg8 Kd6 48. Kc4 Rg7 0-1

[Event "IND-ch Challengers 50th"]
[Site "Tirupati"]
[Date "2012.05.26"]
[Round "11.5"]
[White "Suvrajit, Saha"]
[Black "Babu, N Sudhakar"]
[Result "1/2-1/2"]
[WhiteElo "2365"]
[BlackElo "2297"]
[PlyCount "50"]
[EventDate "2012.05.18"]
[EventType "swiss"]
[EventRounds "13"]
[EventCountry "IND"]
[SourceTitle "CBM 148 Extra"]
[Source "ChessBase"]
[SourceDate "2012.06.22"]
[SourceVersion "1"]
[SourceVersionDate "2012.06.22"]
[SourceQuality "1"]

1. d4 d5 2. c4 c6 3. cxd5 cxd5 4. Nc3 Nc6 5. Nf3 Nf6 6. Bf4 a6 7. e3 Bf5 8. Rc1 e6 9. Bd3 Bxd3 10. Qxd3 Bd6 11. Bxd6 Qxd6 12. 0-0 0-0 13. a3 Rfc8 14. Rc2 Rc7 15. Rfc1 Rac8 16. h3 h6 17. Na4 Nb8 18. Rxc7 Rxc7 19. Rxc7 Qxc7 20. Qc3 Qxc3 21. Nxc3 Nc6 22. Kf1 Kf8 23. Ke2 Ke7 24. Kd3 Kd7 25. b4 b5 1/2-1/2

[Event "IND-ch Challengers 50th"]
[Site "Tirupati"]
[Date "2012.05.25"]
[Round "10.6"]
[White "Babu, N Sudhakar"]
[Black "Praveen Kumar, Chandrasekar"]
[Result "1/2-1/2"]
[WhiteElo "2297"]
[BlackElo "2342"]
[PlyCount "51"]
[EventDate "2012.05.18"]
[EventType "swiss"]
[EventRounds "13"]
[EventCountry "IND"]
[SourceTitle "CBM 148 Extra"]
[Source "ChessBase"]
[SourceDate "2012.06.22"]
[SourceVersion "1"]
[SourceVersionDate "2012.06.22"]
[SourceQuality "1"]

1. d4 d5 2. c4 c6 3. cxd5 cxd5 4. Nc3 Nc6 5. Nf3 Nf6 6. Bf4 a6 7. e3 Bf5 8. Bd3 Bxd3 9. Qxd3 e6 10. 0-0 Bd6 11. Bxd6 Qxd6 12. Rac1 0-0 13. a3 Rac8 14. h3 h6 15. Na2 e5 16. dxe5 Nxe5 17. Nxe5 Qxe5 18. Qd4 Qxd4 19. exd4 Ne4 20. Rxc8 Rxc8 21. Rc1 Rxc1+ 22. Nxc1 Kf8 23. Kf1 Ke7 24. Ke2 Ke6 25. Ke3 g6 26. Nd3 1/2-1/2

[Event "IND-ch Challengers 50th"]
[Site "Tirupati"]
[Date "2012.05.21"]
[Round "5.17"]
[White "Vignesh, NR."]
[Black "Babu, N Sudhakar"]
[Result "1/2-1/2"]
[WhiteElo "2103"]
[BlackElo "2297"]
[PlyCount "86"]
[EventDate "2012.05.18"]
[EventType "swiss"]
[EventRounds "13"]
[EventCountry "IND"]
[SourceTitle "CBM 148 Extra"]
[Source "ChessBase"]
[SourceDate "2012.06.22"]
[SourceVersion "1"]
[SourceVersionDate "2012.06.22"]
[SourceQuality "1"]

1. e4 e5 2. Nf3 Nc6 3. Bb5 a6 4. Ba4 Nf6 5. d3 d6 6. 0-0 Be7 7. c3 0-0 8. Re1 Re8 9. d4 b5 10. Bc2 Bf8 11. d5 Nb8 12. a4 Bb7 13. axb5 axb5 14. Rxa8 Bxa8 15. Na3 c6 16. dxc6 Bxc6 17. Bd3 Qb6 18. Bxb5 Bxb5 19. Qb3 d5 20. Qxb5 Nbd7 21. exd5 Bxa3 22. Qxb6 Nxb6 23. bxa3 e4 24. Nd4 Nfxd5 25. Nb5 f5 26. Nd6 Rd8 27. Nxf5 Nxc3 28. h3 Nc4 29. Ne3 Nb6 30. Nf5 Nc4 31. Ne3 Nb6 32. Bb2 Nba4 33. Bxc3 Nxc3 34. Ra1 Rd4 35. Kf1 Na4 36. Ke1 Rd3 37. Nc2 Kf7 38. Nb4 Rb3 39. Kd2 Ke6 40. Ra2 h6 41. Rc2 Kd7 42. Rc4 Rxa3 43. Rxe4 Nc5 1/2-1/2

[Event "IND-chT 32nd"]
[Site "Panaji"]
[Date "2012.02.29"]
[Round "4"]
[White "Babu, N Sudhakar"]
[Black "Praveen Kumar, Chandrasekar"]
[Result "1/2-1/2"]
[WhiteElo "2327"]
[BlackElo "2338"]
[PlyCount "27"]
[EventDate "2012.02.27"]
[EventType "team-swiss"]
[EventRounds "9"]
[EventCountry "IND"]
[SourceTitle "CBM 147 Extra"]
[Source "ChessBase"]
[SourceDate "2012.04.24"]
[SourceVersion "1"]
[SourceVersionDate "2012.04.24"]
[SourceQuality "1"]
[WhiteTeam "Indian Bank"]
[BlackTeam "Tamil Nadu State II"]
[WhiteTeamCountry "IND"]
[BlackTeamCountry "IND"]

1. d4 e6 2. Nf3 Nf6 3. e3 b6 4. Bd3 Bb7 5. Nbd2 d5 6. 0-0 Nbd7 7. Ne5 Nxe5 8. dxe5 Nd7 9. f4 g6 10. c3 Bg7 11. Bc2 0-0 12. e4 Nc5 13. exd5 Qxd5 14. Nf3 1/2-1/2

[Event "Visakhapatnam op"]
[Site "Visakhapatnam"]
[Date "2011.11.25"]
[Round "3"]
[White "Thejkumar, MS."]
[Black "Babu, N Sudhakar"]
[Result "1-0"]
[WhiteElo "2452"]
[BlackElo "2327"]
[PlyCount "55"]
[EventDate "2011.11.24"]
[EventType "swiss"]
[EventRounds "11"]
[EventCountry "IND"]
[SourceTitle "CBM 145 Extra"]
[Source "ChessBase"]
[SourceDate "2012.01.03"]
[SourceVersion "1"]
[SourceVersionDate "2012.01.03"]
[SourceQuality "1"]

1. d4 f5 2. Nf3 Nf6 3. c4 g6 4. g3 Bg7 5. Bg2 d6 6. 0-0 0-0 7. Nc3 c6 8. d5 e5 9. dxe6 Bxe6 10. Qd3 Na6 11. Ng5 Bc8 12. Rd1 h6 13. Nf3 Be6 14. Qxd6 Qxd6 15. Rxd6 Bxc4 16. Ne5 Bf7 17. Bxh6 Bxh6 18. Rxf6 Rad8 19. Nxf7 Rxf7 20. Rxg6+ Kh7 21. Re6 Rd2 22. Ne4 fxe4 23. Bxe4+ Kg7 24. Rg6+ Kf8 25. Rxh6 Rxe2 26. Bd3 Rexf2 27. Bc4 R7f5 28. Re1 1-0

[Event "IND-chA 49th"]
[Site "Aurangabad"]
[Date "2011.10.17"]
[Round "9"]
[White "Sharma, Dinesh Kumar"]
[Black "Babu, N Sudhakar"]
[Result "1/2-1/2"]
[WhiteElo "2361"]
[BlackElo "2319"]
[PlyCount "63"]
[EventDate "2011.10.09"]
[EventType "swiss"]
[EventRounds "13"]
[EventCountry "IND"]
[SourceTitle "CBM 144 Extra"]
[Source "ChessBase"]
[SourceDate "2011.10.28"]
[SourceVersion "1"]
[SourceVersionDate "2011.10.28"]
[SourceQuality "1"]

1. e4 e5 2. Nf3 Nc6 3. Bb5 a6 4. Ba4 Nf6 5. 0-0 Be7 6. Re1 b5 7. Bb3 d6 8. c3 0-0 9. h3 Bb7 10. d4 Re8 11. Ng5 Rf8 12. Nf3 Re8 13. Ng5 Rf8 14. Nf3 Re8 15. Ng5 Rf8 16. Nf3 Re8 17. Nbd2 Bf8 18. a3 Na5 19. Bc2 c5 20. b4 Nc6 21. d5 Nb8 22. bxc5 dxc5 23. Nf1 Bd6 24. Ne3 Nbd7 25. Kh1 g6 26. Rb1 Rb8 27. Bd2 Bc8 28. Rg1 Qc7 29. a4 bxa4 30. Ra1 Nf8 31. Bxa4 Rd8 32. Bc2 1/2-1/2

[Event "IND-chA 49th"]
[Site "Aurangabad"]
[Date "2011.10.11"]
[Round "3"]
[White "Babu, N Sudhakar"]
[Black "Krishna, C Revanth Gopala"]
[Result "1/2-1/2"]
[WhiteElo "2319"]
[BlackElo "2317"]
[PlyCount "81"]
[EventDate "2011.10.09"]
[EventType "swiss"]
[EventRounds "13"]
[EventCountry "IND"]
[SourceTitle "CBM 144 Extra"]
[Source "ChessBase"]
[SourceDate "2011.10.28"]
[SourceVersion "1"]
[SourceVersionDate "2011.10.28"]
[SourceQuality "1"]

1. d4 d6 2. Nf3 f5 3. g3 g6 4. Bg2 Bg7 5. c3 Nf6 6. Qb3 c6 7. 0-0 e6 8. Nbd2 0-0 9. Re1 d5 10. c4 Ne4 11. Qc2 Nd7 12. b3 Qf6 13. Bb2 g5 14. Ne5 Nxe5 15. dxe5 Qg6 16. Nf1 g4 17. f3 gxf3 18. exf3 Ng5 19. h4 Nf7 20. Re2 Qh5 21. f4 Nh6 22. Nh2 Qg6 23. Re3 Rd8 24. Rd1 Bd7 25. Bd4 Bf8 26. Red3 Be8 27. Bf2 Be7 28. b4 a6 29. Qb3 Kh8 30. cxd5 cxd5 31. Rc3 Bc6 32. a4 Qe8 33. Ra1 Rdc8 34. Bd4 Bf8 35. Bf1 Bd7 36. Rxc8 Rxc8 37. b5 a5 38. Qe3 Qg6 39. Bd3 Be7 40. Kh1 Ng4 41. Qg1 1/2-1/2

[Event "Bhubaneswar op 3rd"]
[Site "Bhubaneswar"]
[Date "2011.06.05"]
[Round "10"]
[White "Babu, N Sudhakar"]
[Black "Ramnath, Bhuvanesh R"]
[Result "1/2-1/2"]
[WhiteElo "2317"]
[BlackElo "2425"]
[PlyCount "116"]
[EventDate "2011.05.28"]
[EventType "swiss"]
[EventRounds "11"]
[EventCountry "IND"]
[SourceTitle "CBM 142 Extra"]
[Source "ChessBase"]
[SourceDate "2011.06.27"]
[SourceVersion "1"]
[SourceVersionDate "2011.06.27"]
[SourceQuality "1"]

1. d4 Nf6 2. c4 g6 3. Nc3 Bg7 4. Nf3 0-0 5. g3 d6 6. Bg2 c6 7. 0-0 Qb6 8. b3 e5 9. d5 cxd5 10. cxd5 e4 11. Ng5 Ng4 12. Bb2 e3 13. f3 Nf6 14. Qd3 Na6 15. Na4 Qa5 16. Ne4 Nb4 17. Qxe3 Nbxd5 18. Nxf6+ Nxf6 19. Bd4 Bd7 20. Qc3 Qd8 21. e4 b5 22. Nb2 Rc8 23. Qd2 Qe7 24. Rfe1 Bc6 25. Nd3 Rfd8 26. Nf4 Nd7 27. Bxg7 Kxg7 28. Qd4+ Ne5 29. Rad1 Kg8 30. Rd2 Ba8 31. Red1 Qc7 32. h4 h5 33. Kh1 a5 34. Nd3 Nd7 35. Bh3 Qc3 36. Qxc3 Rxc3 37. Bg2 Rf8 38. Ne1 d5 39. exd5 Re8 40. Kg1 b4 41. Kf2 Kf8 42. Rd3 Rc5 43. R3d2 Rd8 44. d6 Nb6 45. Nd3 Rc3 46. Ne5 a4 47. bxa4 Nxa4 48. Rd4 Nc5 49. Rxb4 Rc2+ 50. Kg1 Re2 51. Nc4 Rxa2 52. Rb5 Ne6 53. Ne5 Kg7 54. Bh3 f5 55. Bg2 Kf6 56. Bf1 Rc2 57. f4 Rc3 58. Kf2 Nc5 1/2-1/2

[Event "Bhubaneswar op 3rd"]
[Site "Bhubaneswar"]
[Date "2011.06.03"]
[Round "8"]
[White "Himanshu, Sharma"]
[Black "Babu, N Sudhakar"]
[Result "0-1"]
[WhiteElo "2414"]
[BlackElo "2317"]
[PlyCount "108"]
[EventDate "2011.05.28"]
[EventType "swiss"]
[EventRounds "11"]
[EventCountry "IND"]
[SourceTitle "CBM 142 Extra"]
[Source "ChessBase"]
[SourceDate "2011.06.27"]
[SourceVersion "1"]
[SourceVersionDate "2011.06.27"]
[SourceQuality "1"]

1. e4 e5 2. Nf3 Nc6 3. Bb5 a6 4. Bxc6 dxc6 5. Nc3 f6 6. d4 exd4 7. Nxd4 c5 8. Nde2 Qxd1+ 9. Nxd1 Be6 10. Bf4 0-0-0 11. Ne3 c4 12. Rd1 Rxd1+ 13. Nxd1 Ne7 14. Nd4 Bf7 15. h4 h5 16. f3 Ng6 17. Bg3 Bc5 18. Nf5 Ne7 19. Bf2 Bxf2+ 20. Kxf2 Nxf5 21. exf5 Rd8 22. Ke2 b5 23. c3 Kd7 24. Ne3 Ke7 25. g4 c6 26. Rg1 Rh8 27. Ng2 Kd6 28. Kf2 Bd5 29. Rd1 b4 30. cxb4 hxg4 31. fxg4 Rb8 32. a3 a5 33. Ne3 axb4 34. Nxc4+ Kc5 35. Nd2 bxa3 36. bxa3 Ra8 37. Re1 Rxa3 38. Re7 Kd4 39. Rxg7 Ra2 40. Ke1 Kd3 41. Nb1 Ra1 42. Rb7 Ba2 43. h5 Ke3 44. Re7+ Kf4 45. Kd2 Rxb1 46. Rg7 Rh1 47. Rg6 Bd5 48. Kc3 Bf3 49. Kd4 Bxg4 50. Rxf6 Bf3 51. h6 Bd5 52. Kc5 Ke5 53. Rg6 Kxf5 54. Rd6 Kg5 0-1

[Event "Chennai op 3rd"]
[Site "Chennai"]
[Date "2011.01.26"]
[Round "11"]
[White "Babu, N Sudhakar"]
[Black "Rahman, Ziaur"]
[Result "0-1"]
[WhiteElo "2323"]
[BlackElo "2528"]
[PlyCount "84"]
[EventDate "2011.01.18"]
[EventType "swiss"]
[EventRounds "11"]
[EventCountry "IND"]
[SourceTitle "CBM 140 Extra"]
[Source "ChessBase"]
[SourceDate "2011.03.01"]
[SourceVersion "1"]
[SourceVersionDate "2011.03.01"]
[SourceQuality "1"]

1. d4 d6 2. g3 g6 3. Bg2 Bg7 4. Nf3 Nf6 5. 0-0 0-0 6. c4 Nc6 7. Nc3 a6 8. c5 d5 9. h3 Ne4 10. Nxe4 dxe4 11. Ng5 Qxd4 12. Nxe4 Qc4 13. b3 Qe6 14. Rb1 Rd8 15. Qe1 a5 16. Bf4 Rd4 17. Nc3 Be5 18. Nb5 Rd7 19. Bxe5 Qxe5 20. Rc1 Qb2 21. e3 Qxa2 22. Bxc6 bxc6 23. Nd4 Rxd4 24. exd4 Bxh3 25. Qe4 Bxf1 26. Qxc6 Ra6 27. Qe8+ Kg7 28. Rxf1 Qe2 29. Qb8 Rc6 30. Qb7 Qe4 31. Qa8 h5 32. Qxa5 h4 33. Qc3 Rf6 34. Qe3 Qg4 35. Kg2 Qf5 36. Rh1 Qd5+ 37. Kg1 Re6 38. Qd2 Ra6 39. Qc1 g5 40. gxh4 Qxd4 41. Qe3 Ra1+ 42. Kg2 Qg4+ 0-1

[Event "Chennai op 3rd"]
[Site "Chennai"]
[Date "2011.01.18"]
[Round "1"]
[White "Babu, N Sudhakar"]
[Black "Danielsen, Henrik"]
[Result "0-1"]
[WhiteElo "2323"]
[BlackElo "2519"]
[PlyCount "69"]
[EventDate "2011.01.18"]
[EventType "swiss"]
[EventRounds "11"]
[EventCountry "IND"]
[SourceTitle "CBM 140 Extra"]
[Source "ChessBase"]
[SourceDate "2011.03.01"]
[SourceVersion "1"]
[SourceVersionDate "2011.03.01"]
[SourceQuality "1"]

1. d4 d6 2. c4 f5 3. Nf3 Nf6 4. g3 g6 5. b3 Bg7 6. Bb2 0-0 7. Bg2 Na6 8. 0-0 Qe8 9. d5 Bd7 10. Nc3 c6 11. Qd2 Nc5 12. Rab1 Rc8 13. Qe3 Ng4 14. Qd2 Bh6 15. e3 Nf6 16. Nd4 Qf7 17. Nde2 Bg7 18. Rfd1 g5 19. f3 h6 20. b4 Na6 21. a3 cxd5 22. cxd5 Nc7 23. Kh1 Na8 24. Qd3 Nb6 25. Ba1 Qh5 26. Rf1 Nc4 27. a4 Ne5 28. Qd1 Nfg4 29. fxg4 Nxg4 30. h3 Nxe3 31. Qd2 f4 32. Ng1 Nxf1 33. Rxf1 fxg3 34. Re1 g4 35. Rxe7 0-1

[Event "IND-ch 48th"]
[Site "New Delhi"]
[Date "2010.12.22"]
[Round "13"]
[White "Babu, N Sudhakar"]
[Black "Suvrajit, Saha"]
[Result "1/2-1/2"]
[WhiteElo "2318"]
[BlackElo "2392"]
[PlyCount "52"]
[EventDate "2010.12.09"]
[EventType "swiss"]
[EventRounds "13"]
[EventCountry "IND"]
[SourceTitle "CBM 139 Extra"]
[Source "ChessBase"]
[SourceDate "2011.01.05"]
[SourceVersion "1"]
[SourceVersionDate "2011.01.05"]
[SourceQuality "1"]

1. d4 d5 2. c4 dxc4 3. Nf3 Nf6 4. e3 e6 5. Bxc4 a6 6. a4 c5 7. 0-0 Nc6 8. Nc3 Be7 9. Qe2 cxd4 10. Rd1 0-0 11. exd4 Nb4 12. Bg5 Qa5 13. Bb3 Rd8 14. Ne5 h6 15. Bh4 Kf8 16. Rac1 Nbd5 17. Nxd5 exd5 18. Bxf6 Bxf6 19. Ng4 Bxg4 20. Qxg4 Qb4 21. Qf3 Rd6 22. Qc3 Qxc3 23. Rxc3 Rad8 24. h3 Rb6 25. Kf1 Rb4 26. Rcd3 Rd6 1/2-1/2

[Event "IND-ch 48th"]
[Site "New Delhi"]
[Date "2010.12.20"]
[Round "11"]
[White "Babu, N Sudhakar"]
[Black "Karthikeyan, Pandian"]
[Result "1/2-1/2"]
[WhiteElo "2318"]
[BlackElo "2382"]
[PlyCount "50"]
[EventDate "2010.12.09"]
[EventType "swiss"]
[EventRounds "13"]
[EventCountry "IND"]
[SourceTitle "CBM 139 Extra"]
[Source "ChessBase"]
[SourceDate "2011.01.05"]
[SourceVersion "1"]
[SourceVersionDate "2011.01.05"]
[SourceQuality "1"]

1. Nf3 Nf6 2. c4 e6 3. Nc3 Bb4 4. Qc2 0-0 5. a3 Bxc3 6. Qxc3 b6 7. e3 Bb7 8. Be2 Ne4 9. Qc2 Ng5 10. Qd1 c5 11. 0-0 Nxf3+ 12. Bxf3 Bxf3 13. Qxf3 Nc6 14. b4 Qc7 15. bxc5 bxc5 16. Bb2 f6 17. Bc3 Rab8 18. Rab1 Ne5 19. Qe4 d6 20. Bxe5 fxe5 21. h3 Rb6 22. Rxb6 axb6 23. Rb1 Rd8 24. d3 d5 25. cxd5 exd5 1/2-1/2

[Event "IND-ch 48th"]
[Site "New Delhi"]
[Date "2010.12.19"]
[Round "10"]
[White "Kamble, Vikramaditya"]
[Black "Babu, N Sudhakar"]
[Result "1-0"]
[WhiteElo "2374"]
[BlackElo "2318"]
[PlyCount "67"]
[EventDate "2010.12.09"]
[EventType "swiss"]
[EventRounds "13"]
[EventCountry "IND"]
[SourceTitle "CBM 139 Extra"]
[Source "ChessBase"]
[SourceDate "2011.01.05"]
[SourceVersion "1"]
[SourceVersionDate "2011.01.05"]
[SourceQuality "1"]

1. Nf3 d5 2. d4 Nf6 3. c4 e6 4. Nc3 Be7 5. Bf4 0-0 6. e3 Nbd7 7. c5 c6 8. h3 Ne4 9. Qa4 f5 10. Bd3 Ng5 11. Nxg5 Bxg5 12. 0-0-0 Bxf4 13. exf4 Qc7 14. g3 b6 15. Rhe1 Rf6 16. cxb6 Nxb6 17. Qa5 Rf7 18. Rd2 Rb8 19. Rc2 Qb7 20. Qa3 Qd7 21. Ne2 Qc7 22. Ng1 Bd7 23. Nf3 Rff8 24. Ne5 Nc8 25. Nxc6 Bxc6 26. Rxe6 Rf6 27. Rcxc6 Qxc6+ 28. Rxc6 Rxc6+ 29. Kb1 Nd6 30. Qa5 Rbc8 31. a3 g6 32. Qxd5+ Kg7 33. Qe5+ Kh6 34. g4 1-0

[Event "IND-ch 48th"]
[Site "New Delhi"]
[Date "2010.12.17"]
[Round "8"]
[White "Lalith, Babu MR"]
[Black "Babu, N Sudhakar"]
[Result "1-0"]
[WhiteElo "2481"]
[BlackElo "2318"]
[PlyCount "141"]
[EventDate "2010.12.09"]
[EventType "swiss"]
[EventRounds "13"]
[EventCountry "IND"]
[SourceTitle "CBM 139 Extra"]
[Source "ChessBase"]
[SourceDate "2011.01.05"]
[SourceVersion "1"]
[SourceVersionDate "2011.01.05"]
[SourceQuality "1"]

1. Nf3 d5 2. d4 Nf6 3. c4 e6 4. Nc3 Be7 5. Bf4 0-0 6. e3 Nbd7 7. Qc2 c6 8. Bd3 dxc4 9. Bxc4 b5 10. Bd3 Bb7 11. e4 b4 12. Na4 c5 13. e5 Nd5 14. Bxh7+ Kh8 15. Bd2 cxd4 16. Be4 Re8 17. 0-0 Ba6 18. Rfc1 Rc8 19. Qb3 Kg8 20. Bxd5 exd5 21. Qxd5 Nf8 22. Qxd4 Qa5 23. b3 Bb7 24. Rxc8 Rxc8 25. Qg4 Rd8 26. Be3 Bxf3 27. Qxf3 Qxe5 28. Rd1 Rxd1+ 29. Qxd1 a5 30. Qc1 Ne6 31. Nb6 Bd6 32. g3 Nd4 33. Qd1 Bc5 34. Nc4 Qe4 35. Bxd4 Bxd4 36. Qd2 Qb1+ 37. Kg2 Qe4+ 38. f3 Qd5 39. Qe2 g6 40. Qe4 Qd8 41. Qc6 Qe7 42. Kf1 Bc3 43. Qd5 Qe1+ 44. Kg2 Qe2+ 45. Kh3 Kg7 46. Nd6 f5 47. Qb5 Qxf3 48. Qb7+ Qxb7 49. Nxb7 Kf6 50. Kg2 g5 51. h3 g4 52. h4 Be1 53. Nxa5 f4 54. gxf4 Bxh4 55. Nc6 Kf5 56. Nxb4 Kxf4 57. a4 Ke5 58. a5 Kd6 59. a6 Kc7 60. Nd5+ Kb8 61. b4 Ka7 62. b5 Be1 63. Kf1 Bd2 64. Kf2 Ba5 65. Kg3 Bd8 66. Kxg4 Ba5 67. Kf5 Be1 68. Ke6 Bf2 69. Kd7 Bg1 70. Kc6 Bf2 71. Ne7 1-0

[Event "IND-ch 48th"]
[Site "New Delhi"]
[Date "2010.12.10"]
[Round "2"]
[White "Vishnu, Prasanna V"]
[Black "Babu, N Sudhakar"]
[Result "0-1"]
[WhiteElo "2406"]
[BlackElo "2318"]
[PlyCount "94"]
[EventDate "2010.12.09"]
[EventType "swiss"]
[EventRounds "13"]
[EventCountry "IND"]
[SourceTitle "CBM 139 Extra"]
[Source "ChessBase"]
[SourceDate "2011.01.05"]
[SourceVersion "1"]
[SourceVersionDate "2011.01.05"]
[SourceQuality "1"]

1. e4 e5 2. Nf3 Nc6 3. Bb5 a6 4. Ba4 Nf6 5. 0-0 Be7 6. Re1 b5 7. Bb3 d6 8. c3 0-0 9. d4 Bg4 10. Be3 exd4 11. cxd4 d5 12. e5 Ne4 13. Nc3 Nxc3 14. bxc3 Qd7 15. h3 Bh5 16. g4 Bg6 17. Bg5 Ba3 18. Bc1 Be7 19. Bg5 Ba3 20. Qd2 b4 21. c4 Na5 22. c5 Be4 23. Nh4 Nxb3 24. axb3 h6 25. Bf6 Bh7 26. Qf4 Rfe8 27. Nf5 Bxf5 28. gxf5 Kh7 29. Bh4 g5 30. fxg6+ fxg6 31. e6 Rxe6 32. c6 Qe8 33. Qxc7+ Kg8 34. Rxe6 Qxe6 35. Ra2 Rc8 36. Qg3 Rxc6 37. Qf3 Rc3 38. Re2 Rxf3 39. Rxe6 Kf7 40. Rxa6 Rxb3 41. Rf6+ Kg7 42. Ra6 Rd3 43. Kf1 Rxh3 44. Bg3 Rh1+ 45. Ke2 b3 46. Rxa3 b2 47. Be5+ Kf7 0-1

[Event "IND-ch 48th"]
[Site "New Delhi"]
[Date "2010.12.09"]
[Round "1"]
[White "Babu, N Sudhakar"]
[Black "Shyam, Sundar M"]
[Result "0-1"]
[WhiteElo "2318"]
[BlackElo "2439"]
[PlyCount "62"]
[EventDate "2010.12.09"]
[EventType "swiss"]
[EventRounds "13"]
[EventCountry "IND"]
[SourceTitle "CBM 139 Extra"]
[Source "ChessBase"]
[SourceDate "2011.01.05"]
[SourceVersion "1"]
[SourceVersionDate "2011.01.05"]
[SourceQuality "1"]

1. d4 d5 2. Nf3 c6 3. c3 g6 4. Bf4 Bg7 5. e3 Nf6 6. h3 0-0 7. Bd3 b6 8. Nbd2 c5 9. 0-0 Bb7 10. Qe2 Nbd7 11. Ba6 Qc8 12. Bxb7 Qxb7 13. Ne5 Rac8 14. Rac1 Rfe8 15. Rfd1 Nf8 16. b4 c4 17. Bh2 N6d7 18. e4 Nxe5 19. Bxe5 Bh6 20. exd5 Qxd5 21. Rb1 Bxd2 22. Rxd2 b5 23. a4 a6 24. axb5 axb5 25. Ra1 Ra8 26. Rda2 Rxa2 27. Rxa2 Ra8 28. Ra5 Rxa5 29. bxa5 Qa8 30. Bc7 Ne6 31. Bb6 Nf4 0-1